000
00204nam a2200097Ia 4500
008
240331s9999 xx 000 0 und d
082
_b
MAN
100
_a
Manogaran,K
245
0
_a
Waralattru porr
942
_c
L
999
_c
4601
_d
4601